000 00691nam a22002537a 4500
999 _c405738
_d405738
001 120304
003 UA-OsUOA
005 20200602134653.0
007 ta
008 20161222b un ||||| |||| 00| 0 ukr d
020 _a9789660351035
040 _aUA-OsUOA
_bukr
_cUA-OsUOA
_dUA-OsUOA
041 _aukr
080 _a821.161.2
090 _a821.161.2
_bЛ19
100 _aЛакло Ш.
245 _aНебезпечні зв'язки
260 _aХарків
_bФоліо
_c2014
300 _a602 с.
650 7 _a82 Література. Літературознавство
_2UDC
942 _cBK
_2udc
955 _a3